00827nam a22002177a 450000500170000001000150001702000110003203500140004303700090005708200210006610000340008724500870012125000060020826000180021427001370023230000200036976000060038994200330039599900190042895201620044720251216110747.0 aENG-147303 c700.00 aEN-130835 bDBAD a320.607172421st aSharma, Surinder Mohan986104 aSocial-Economic Offences General Awareness/cSurinder Mohan Sharma, Harkanwal Kaur a1 aBUNIYADc2022 a14, Shashtri Nagar, Near Baba School, Street No. 1, Majitha Road, Gopal Nagar, bAmritsare143001k8283937711mrupowaliasr@gmail.com a500pc22 cm(Pb) b1 2ddccENh320.6071724mSHAe1 c213936d213936 001040708NFICaZLSbZLSd2025-12-16eDelivery of Books Act Divisiong700.00l0o320.6071724 SHApEN-130835r2025-12-16 00:00:00t1v700.00w2025-12-16yEN